00641nam a2200193Ia 4500008004100000020001800041082001900059100002000078245005600098250000700154260003800161300002800199500001900227600002000246650002000266942000700286952013700293999001700430240925s9999 xx 000 0 und d a9789698486204 a352.639541 KHA aNot - Available 0aCivil Services of Pakistan: dilemmas and challenges aNA aLahore:bAllied Book Compc,2016. axix, 328p.b0fOriginal aIncludes Index aSocial Sciences aSocial Sciences cBK 001040708SSaUITUbUITUd2019-02-01eAllied Book Companyg1195.00l0o352.639541 KHApQ14356r2024-09-25 07:17:16w2024-09-25yBK c16855d16855